Điều tra thăm dò dư luận Hướng dẫn thực hành
Sách trình bày có hệ thống những khái niệm, lý luận cần thiết, những công cụ, kỹ năng để tổ chức và tiến hành việc thu thập ý kiến - dư luận xã hội
保存先:
| 第一著者: | |
|---|---|
| フォーマット: | 図書 |
| 言語: | Undetermined |
| 出版事項: |
Hà Nội
Thống Kê
1996
|
| 主題: | |
| タグ: |
タグ追加
タグなし, このレコードへの初めてのタグを付けませんか!
|
| Thư viện lưu trữ: | Trung tâm Học liệu Trường Đại học Cần Thơ |
|---|
| LEADER | 00807nam a2200205Ia 4500 | ||
|---|---|---|---|
| 001 | CTU_29335 | ||
| 008 | 210402s9999 xx 000 0 und d | ||
| 082 | |a 001.4 | ||
| 082 | |b Đ305 | ||
| 100 | |a Từ, Điển | ||
| 245 | 0 | |a Điều tra thăm dò dư luận | |
| 245 | 0 | |b Hướng dẫn thực hành | |
| 245 | 0 | |c Từ Điển | |
| 260 | |a Hà Nội | ||
| 260 | |b Thống Kê | ||
| 260 | |c 1996 | ||
| 520 | |a Sách trình bày có hệ thống những khái niệm, lý luận cần thiết, những công cụ, kỹ năng để tổ chức và tiến hành việc thu thập ý kiến - dư luận xã hội | ||
| 650 | |a Investigations | ||
| 904 | |i Minh, 990319 | ||
| 980 | |a Trung tâm Học liệu Trường Đại học Cần Thơ | ||